[Event "Aktiv-Alliancen 2000"]
[Site "Taastrup"]
[Date "2000.01.23"]
[Round "3"]
[White "Simonsen, Per Barndorff"]
[Black "Theander, Stig"]
[Result "1-0"]
[WhiteElo "1901"]
[BlackElo "1546"]
[PlyCount "71"]
[EventDate "2000.??.??"]


1. d4 Nf6 2. c4 c5 3. d5 b5 4. cxb5 a6 5. bxa6 Bxa6 6. Nc3 d6 7. Nf3 g6 8. g3
Bg7 9. Bh3 O-O 10. O-O Nbd7 11. Re1 Nb6 12. e4 Nfd7 13. Qc2 Qc7 14. Bg5 Ne5 15.
Nxe5 Bxe5 16. Bh6 Rfb8 17. b3 Ra7 18. Rad1 Nd7 19. f4 Bd4+ 20. Kh1 Qa5 21. Ne2
Bh8 22. Nc1 Bc3 23. Re3 Bd4 24. Rf3 Nf6 25. f5 Bc8 26. g4 Nd7 27. Bd2 Qa3 28.
Bc3 Ne5 29. Rg3 Bxc3 30. Rxc3 Bd7 31. g5 Qa5 32. fxg6 hxg6 33. Bxd7 Nxd7 34.
Rh3 Kg7 35. Qf2 Raa8 36. Rh7+ 1-0

[Event "Aktiv-Alliancen 2000"]
[Site "Taastrup"]
[Date "2000.01.23"]
[Round "3"]
[White "Foslund, Peter"]
[Black "Tolstrup, Thomas"]
[Result "0-1"]
[WhiteElo "1576"]
[BlackElo "1882"]
[PlyCount "90"]
[EventDate "2000.??.??"]


1. c4 Nf6 2. Nc3 c5 3. Nf3 g6 4. g3 Bg7 5. Bg2 O-O 6. O-O Nc6 7. d3 d5 8. cxd5
Nxd5 9. Nxd5 Qxd5 10. a3 Qd6 11. Qc2 Bd7 12. Be3 b6 13. Rac1 Rac8 14. Qb1 h6
15. Nd2 e5 16. Ne4 Qe7 17. Nc3 Be6 18. Bd5 Bxd5 19. Nxd5 Qe6 20. Nc3 Kh7 21.
Kg2 f5 22. f3 Nd4 23. Rf2 Rfe8 24. Rd1 Qc6 25. Bd2 b5 26. e4 b4 27. axb4 cxb4
28. Ne2 a5 29. Nxd4 exd4 30. b3 Qb5 31. Be1 Re6 32. Rc2 Rxc2+ 33. Qxc2 Rc6 34.
Qe2 Qc5 35. exf5 gxf5 36. g4 Qd5 37. gxf5 Qxb3 38. Rd2 Bf6 39. Rb2 Qg8+ 40. Kh1
Qg5 41. Qe4 Rc1 42. Re2 Qg7 43. Rg2 Qe7 44. Rg1 Qxe4 45. fxe4 b3 0-1

[Event "Aktiv-Alliancen 2000"]
[Site "Taastrup"]
[Date "2000.01.23"]
[Round "3"]
[White "Christensen, Aage"]
[Black "Moller, Arne Vagn"]
[Result "1/2-1/2"]
[WhiteElo "1506"]
[BlackElo "1805"]
[PlyCount "37"]
[EventDate "2000.??.??"]


1. e4 c5 2. c3 d6 3. d4 cxd4 4. cxd4 Nf6 5. Nc3 g6 6. Be2 Bg7 7. Bg5 O-O 8. Qd2
a6 9. Nf3 Nbd7 10. O-O Qa5 11. Rac1 Re8 12. a3 b5 13. b4 Qd8 14. e5 dxe5 15.
dxe5 Ng4 16. Nd5 Rb8 17. Nc7 Rf8 18. Nd5 Re8 19. Nc7 1/2-1/2

[Event "Aktiv-Alliancen 2000"]
[Site "Taastrup"]
[Date "2000.01.23"]
[Round "3"]
[White "Orio, Lars"]
[Black "Radovic, Slobodan"]
[Result "1-0"]
[WhiteElo "1784"]
[BlackElo "1483"]
[PlyCount "105"]
[EventDate "2000.??.??"]


1. d4 Nf6 2. Nf3 g6 3. Bf4 Bg7 4. e3 O-O 5. h3 d5 6. Bd3 Ne4 7. Bxe4 dxe4 8.
Nfd2 f5 9. c4 c5 10. Bxb8 Rxb8 11. Nb3 cxd4 12. exd4 Qc7 13. Qe2 Be6 14. Nc5
Bf7 15. Qe3 Rbd8 16. Nb3 Bxc4 17. N1d2 Bd3 18. f4 Qb6 19. Rc1 e5 20. fxe5 Bxe5
21. Qg5 Bxd4 22. Nxd4 Rxd4 23. h4 Qxb2 24. Rc7 e3 25. Qxe3 Re4 26. Nxe4 fxe4
27. Qd2 Qb6 28. Qc3 Qe3+ 29. Kd1 Qe2+ 30. Kc1 Qe3+ 31. Kd1 Be2+ 32. Kc2 Qd3+
33. Kb2 Qxc3+ 34. Kxc3 Rf7 35. Rc8+ Kg7 36. Re8 Bd3 37. h5 g5 38. a3 a5 39. Re6
b5 40. Kd4 h6 41. Rc1 Rd7+ 42. Ke3 a4 43. Rcc6 b4 44. axb4 a3 45. Rg6+ Kh7 46.
Rxh6+ Kg8 47. Rcg6+ Rg7 48. Rxg7+ Kxg7 49. Rg6+ Kh7 50. Rxg5 a2 51. Ra5 Bb1 52.
Ra6 Kh8 53. g4 1-0

[Event "Aktiv-Alliancen 2000"]
[Site "Taastrup"]
[Date "2000.01.23"]
[Round "3"]
[White "Jensen, Dan Bronnum"]
[Black "Pedersen, Bent O"]
[Result "1-0"]
[WhiteElo "1487"]
[BlackElo "1751"]
[PlyCount "105"]
[EventDate "2000.??.??"]


1. c4 f5 2. Nc3 Nf6 3. Nf3 e6 4. g3 c6 5. Bg2 d5 6. cxd5 exd5 7. d4 Bd6 8. O-O
Nbd7 9. a3 O-O 10. b4 a6 11. Rb1 Qe8 12. Qc2 Nh5 13. e3 Ndf6 14. Ne1 Ng4 15. h3
Ngf6 16. Nf3 Kh8 17. a4 Bd7 18. Rd1 Rg8 19. Bf1 Rc8 20. Nh4 Ne4 21. Nxe4 fxe4
22. Kh2 g5 23. Ng2 Qe6 24. Ne1 Rcf8 25. Qe2 Qf7 26. Rd2 g4 27. h4 Qe7 28. Kg2
Rf3 29. Qd1 Rf6 30. b5 cxb5 31. axb5 Rgf8 32. bxa6 bxa6 33. Rb6 a5 34. Bb5 Bb4
35. Rxf6 Rxf6 36. Bxd7 Qxd7 37. Rc2 Ng7 38. Bd2 h5 39. Bxb4 axb4 40. Rb2 Rb6
41. Qb1 Qb7 42. Rb3 Nf5 43. Nc2 Kg7 44. Kf1 Ne7 45. Rxb4 Rxb4 46. Qxb4 Qxb4 47.
Nxb4 Kf6 48. Ke1 Ke6 49. Kd2 Kd6 50. Kc3 Nc6 51. Na6 Na5 52. Nc5 Nc4 53. Nxe4+
1-0

[Event "Aktiv-Alliancen 2000"]
[Site "Taastrup"]
[Date "2000.01.23"]
[Round "3"]
[White "Hau, Helge"]
[Black "Schmidt, Horst Hubert"]
[Result "0-1"]
[WhiteElo "1463"]
[BlackElo "1718"]
[PlyCount "94"]
[EventDate "2000.??.??"]


1. f4 d5 2. Nf3 c5 3. e3 Nf6 4. Ne5 a6 5. g3 e6 6. Bg2 Nc6 7. O-O Bd6 8. d4 O-O
9. c3 Qc7 10. Nd2 Bd7 11. Ndf3 Rac8 12. Bd2 Ne4 13. Nxd7 Qxd7 14. Ne5 Bxe5 15.
fxe5 f5 16. exf6 Nxf6 17. dxc5 e5 18. b4 e4 19. a4 Ne5 20. h3 Nd3 21. Be1 Rf7
22. g4 Qc7 23. g5 Nd7 24. Rxf7 Kxf7 25. Bh4 Kg8 26. Qg4 Re8 27. g6 h6 28. Qf5
N7e5 29. Rf1 Qc6 30. Bg3 Qxg6 31. Qxg6 Nxg6 32. h4 Nge5 33. b5 axb5 34. axb5
Nxc5 35. Bh3 Nf3+ 36. Kg2 Nd3 37. Rxf3 exf3+ 38. Kxf3 Rf8+ 39. Ke2 Nb2 40. Be6+
Kh7 41. Bxd5 b6 42. e4 Na4 43. e5 Nxc3+ 44. Kd3 Nxd5 45. Ke4 Nc7 46. Kd3 Nxb5
47. Kc4 Nc7 0-1

[Event "Aktiv-Alliancen 2000"]
[Site "Taastrup"]
[Date "2000.01.23"]
[Round "3"]
[White "Kaaber Hansen, Jacob"]
[Black "Andersen, Nick Brix"]
[Result "1/2-1/2"]
[WhiteElo "1703"]
[BlackElo "1450"]
[PlyCount "117"]
[EventDate "2000.??.??"]


1. c4 e5 2. Nc3 Nc6 3. g3 d6 4. Bg2 Be6 5. Nd5 f5 6. d3 Be7 7. b4 Qd7 8. b5 Nd8
9. Nf3 c6 10. Nc3 Nf6 11. Ng5 O-O 12. O-O h6 13. Nxe6 Nxe6 14. a4 g5 15. Bd2
Kf7 16. a5 cxb5 17. a6 Nc5 18. axb7 Nxb7 19. cxb5 d5 20. Qb3 Nc5 21. Bxd5+ Nxd5
22. Qxd5+ Qxd5 23. Nxd5 Nb3 24. Ra2 Nxd2 25. Rxd2 Rab8 26. Nxe7 Kxe7 27. Rb2
Rb6 28. Ra1 Ra8 29. Kf1 a6 30. Ke1 Rab8 31. Rc2 axb5 32. Rc7+ Kd6 33. Raa7 Rc6
34. Rh7 Kc5 35. Rae7 Kd4 36. Kd2 Rd8 37. e3+ Kd5 38. f3 Rdd6 39. Rb7 Rb6 40.
Rxb6 Rxb6 41. Kc3 b4+ 42. Kb3 f4 43. exf4 exf4 44. Rd7+ Ke6 45. Rd4 fxg3 46.
hxg3 h5 47. Rd8 Rd6 48. Re8+ Kf7 49. Rh8 Rxd3+ 50. Kxb4 Rxf3 51. Rxh5 Rxg3 52.
Rh6 Rd3 53. Kc4 Rd8 54. Ra6 g4 55. Rb6 Rd1 56. Kc3 Rh1 57. Kd4 g3 58. Rb2 Rh2
59. Rb1 1/2-1/2

[Event "Aktiv-Alliancen 2000"]
[Site "Taastrup"]
[Date "2000.01.23"]
[Round "3"]
[White "Holst, Thorsten"]
[Black "Madhy, Nezar"]
[Result "1-0"]
[WhiteElo "1411"]
[BlackElo "1666"]
[PlyCount "45"]
[EventDate "2000.??.??"]


1. e4 c5 2. Nf3 d6 3. Bb5+ Bd7 4. Bxd7+ Qxd7 5. O-O Nc6 6. c3 e5 7. d4 cxd4 8.
cxd4 exd4 9. Nxd4 Rc8 10. Nc3 Nf6 11. Re1 Be7 12. Bf4 Nxd4 13. Qxd4 a6 14. Rad1
Rc6 15. Nd5 O-O 16. Nxe7+ Qxe7 17. Bxd6 Rxd6 18. Qxd6 Qe8 19. e5 Ng4 20. Qd7
Qxd7 21. Rxd7 Rc8 22. h3 Nh6 23. Red1 1-0

[Event "Aktiv-Alliancen 2000"]
[Site "Taastrup"]
[Date "2000.01.23"]
[Round "3"]
[White "Christoffersen, Eskild"]
[Black "Dencker, Martin"]
[Result "1-0"]
[WhiteElo "1508"]
[BlackElo "1355"]
[PlyCount "89"]
[EventDate "2000.??.??"]


1. e4 c5 2. Nf3 d6 3. Bb5+ Bd7 4. Bxd7+ Nxd7 5. O-O Ngf6 6. d3 h6 7. Nc3 g5 8.
b3 g4 9. Nd2 Bg7 10. Bb2 e5 11. Nc4 Bf8 12. Ne3 h5 13. Nf5 Nb6 14. f3 Rg8 15.
fxg4 Nxg4 16. Qf3 Qg5 17. Bc1 Qg6 18. h3 Rh8 19. Nh4 Qh7 20. Bg5 Nh6 21. Qxh5
Qg8 22. Bf6 Bg7 23. Qg5 Bxf6 24. Qxf6 Rd8 25. Nb5 Nc8 26. Nc7+ Kd7 27. Nd5 Re8
28. Qf3 Qg5 29. Nf6+ Ke7 30. Nf5+ Nxf5 31. Qxf5 Qxf5 32. Rxf5 Kd8 33. Nxe8 Kxe8
34. Raf1 Rh7 35. R1f3 Ne7 36. Rf6 Nc8 37. g4 Ke7 38. Kg2 a5 39. R6f5 Na7 40.
Rh5 Rxh5 41. gxh5 Nc6 42. c3 Nd8 43. h6 f6 44. h7 Nf7 45. Rg3 1-0

[Event "Aktiv-Alliancen 2000"]
[Site "Taastrup"]
[Date "2000.01.23"]
[Round "3"]
[White "Christiansen, Erling Molbaek"]
[Black "Jorgensen, Morten"]
[Result "0-1"]
[WhiteElo "1805"]
[BlackElo "1117"]
[PlyCount "118"]
[EventDate "2000.??.??"]


1. e4 c5 2. Nf3 e6 3. d4 cxd4 4. Nxd4 Nf6 5. Bd3 a6 6. a3 Qc7 7. O-O Bc5 8. c3
Nc6 9. Be3 Ne5 10. Bf4 d6 11. h3 Nxd3 12. Qxd3 e5 13. Ne2 exf4 14. Nxf4 O-O 15.
c4 Be6 16. b3 Qc6 17. Nc3 Qc7 18. Kh1 Rac8 19. a4 Rfd8 20. Nfe2 Qd7 21. f4 Qe8
22. f5 Bd7 23. Nf4 Bc6 24. Nfd5 Bxd5 25. exd5 Rc7 26. Rf3 Re7 27. Raf1 Re3 28.
Rxe3 Qxe3 29. Qxe3 Bxe3 30. Kh2 Re8 31. Nd1 Bd2 32. Rf2 Be3 33. Rf3 Bd4 34. Rd3
Be5+ 35. Kg1 Ne4 36. Nf2 Nxf2 37. Kxf2 Bf6 38. Kf3 Re7 39. c5 dxc5 40. d6 Rd7
41. Rd5 b6 42. a5 bxa5 43. Rxc5 Rxd6 44. Rxa5 Kf8 45. Ke4 Ke7 46. g4 h6 47. Rc5
Kd7 48. Rc4 Rc6 49. Rb4 Kc7 50. Kd5 Be7 51. Re4 Rd6+ 52. Kc4 Bf6 53. Re8 Rd4+
54. Kc5 Rd3 55. Kb4 Rxh3 56. Ka5 Rxb3 57. Kxa6 Rb4 58. Rf8 Rxg4 59. Rxf7+ Kd6
0-1

[Event "Aktiv-Alliancen 2000"]
[Site "Taastrup"]
[Date "2000.01.23"]
[Round "3"]
[White "Nielsen, Dagh"]
[Black "Helleberg, Jorgen"]
[Result "1-0"]
[WhiteElo "1744"]
[BlackElo "1270"]
[PlyCount "99"]
[EventDate "2000.??.??"]


1. e4 c6 2. d3 d5 3. Nd2 Nf6 4. Ngf3 Bg4 5. h3 dxe4 6. dxe4 Bh5 7. c3 Qc7 8.
Qc2 Nbd7 9. a4 e6 10. a5 Be7 11. g3 O-O 12. Bg2 e5 13. O-O Rad8 14. b4 Ne8 15.
Nb3 Nd6 16. Be3 Ra8 17. a6 b6 18. c4 c5 19. bxc5 bxc5 20. Rfe1 Rfb8 21. Nfd2
Rb4 22. Qc3 Rbb8 23. f4 f6 24. Bf2 Bf7 25. h4 h6 26. Bh3 Nb6 27. Nxc5 Nbxc4 28.
Nd3 Rd8 29. fxe5 fxe5 30. Nxc4 Nxc4 31. Nb4 Bxb4 32. Qxb4 Nd2 33. Rec1 Qb8 34.
Qxb8 Rdxb8 35. Ra3 Bg6 36. Be6+ Bf7 37. Bd5 Bxd5 38. exd5 Rd8 39. Rd3 Ne4 40.
Be1 Nf6 41. d6 Nd7 42. Rc7 Kh7 43. Ba5 Nb6 44. Bxb6 axb6 45. a7 b5 46. d7 Rf8
47. Rb7 e4 48. Re3 Rfd8 49. Rxe4 Kg6 50. Re8 1-0

[Event "Aktiv-Alliancen 2000"]
[Site "Taastrup"]
[Date "2000.01.23"]
[Round "3"]
[White "Engel, Christian"]
[Black "Jensen, Alexander Lindberg"]
[Result "1-0"]
[WhiteElo "1445"]
[BlackElo "1257"]
[PlyCount "98"]
[EventDate "2000.??.??"]


1. e4 e5 2. f4 Nc6 3. Nf3 d6 4. Bc4 Bg4 5. c3 Nf6 6. d3 Na5 7. Bb5+ c6 8. Ba4
b5 9. Bc2 Be7 10. h3 Bxf3 11. Qxf3 O-O 12. O-O Qc7 13. f5 Rfd8 14. b4 Nb7 15.
Bb3 Qd7 16. Qg3 Bf8 17. Bg5 Qe7 18. Nd2 c5 19. Rf3 a5 20. Bd5 Rab8 21. a3 Rdc8
22. Nf1 Kh8 23. Nh2 Qd7 24. Bxf6 gxf6 25. Qh4 Bg7 26. Ng4 Qe7 27. Qh5 Rc7 28.
Rg3 Rbc8 29. Ne3 cxb4 30. axb4 axb4 31. cxb4 Rc1+ 32. Rxc1 Rxc1+ 33. Kh2 Nd8
34. Rg4 Qf8 35. Rh4 h6 36. Qe2 Rc7 37. Qa2 Nc6 38. Qd2 Nd4 39. Ng4 Rc2 40. Qe3
Kh7 41. Bxf7 Re2 42. Bg6+ Kg8 43. Qg3 Rb2 44. Bh5 Kh8 45. Ne3 Rxb4 46. Qe1 Rb2
47. Qc1 Re2 48. Bxe2 Nxe2 49. Qd2 Nd4 1-0

[Event "Aktiv-Alliancen 2000"]
[Site "Taastrup"]
[Date "2000.01.23"]
[Round "3"]
[White "Dalso, Svend"]
[Black "Jacobsen, Jesper Howalt"]
[Result "1-0"]
[WhiteElo "1406"]
[BlackElo "1000"]
[PlyCount "47"]
[EventDate "2000.??.??"]


1. b3 d5 2. Bb2 e6 3. e3 Nf6 4. Nf3 Be7 5. Be2 Bd7 6. O-O O-O 7. c4 a5 8. cxd5
Nxd5 9. Nc3 Nxc3 10. Bxc3 Nc6 11. Qc2 Bf6 12. d4 g6 13. Rac1 Qe7 14. Rfd1 Rfc8
15. a3 Nd8 16. Qd2 c6 17. a4 b6 18. Qb2 Be8 19. Nd2 Qc7 20. Ne4 Bg7 21. Qc2 Ra7
22. b4 axb4 23. Bxb4 Bf8 24. Nf6+ 1-0

[Event "Aktiv-Alliancen 2000"]
[Site "Taastrup"]
[Date "2000.01.23"]
[Round "3"]
[White "Traerup, Jorgen"]
[Black "Madsen, Ole Bang"]
[Result "1-0"]
[WhiteElo "1189"]
[BlackElo "1404"]
[PlyCount "103"]
[EventDate "2000.??.??"]


1. e4 e5 2. Nf3 Nc6 3. Bc4 Nf6 4. Nc3 Bc5 5. O-O O-O 6. d3 d6 7. h3 Na5 8. Bb3
Nxb3 9. axb3 a6 10. Re1 h6 11. Be3 Bxe3 12. Rxe3 c6 13. d4 exd4 14. Qxd4 Qc7
15. Rd3 d5 16. exd5 cxd5 17. Re1 Be6 18. Re2 Rfd8 19. Qh4 Rac8 20. Nd4 Re8 21.
Rde3 Bd7 22. Rxe8+ Rxe8 23. Rxe8+ Bxe8 24. Nf3 Bc6 25. Nd4 Qe5 26. Nf3 Qd6 27.
Qd4 Qe6 28. Qe5 Qc8 29. Nd4 Kh7 30. Qf5+ Qxf5 31. Nxf5 Bd7 32. Nd6 Bc6 33. Nxf7
d4 34. Ne2 d3 35. cxd3 Bd5 36. Nd6 Bxb3 37. Nxb7 Nd7 38. d4 g5 39. Nc5 Nxc5 40.
dxc5 Bd5 41. Nd4 Bb7 42. c6 Bc8 43. b4 Kg6 44. b5 axb5 45. Nxb5 Kh5 46. Nd6 Be6
47. c7 Kh4 48. c8=Q Bxc8 49. Nxc8 h5 50. Ne7 g4 51. hxg4 hxg4 52. Nd5 1-0

[Event "Aktiv-Alliancen 2000"]
[Site "Taastrup"]
[Date "2000.01.23"]
[Round "3"]
[White "Pedersen, Andre"]
[Black "Adamsen, Kim Rud"]
[Result "0-1"]
[WhiteElo "1150"]
[BlackElo "1386"]
[PlyCount "82"]
[EventDate "2000.??.??"]


1. d4 Nf6 2. Nf3 g6 3. c4 Bg7 4. Nc3 d5 5. cxd5 Nxd5 6. e4 Nxc3 7. bxc3 c5 8.
e5 Nc6 9. Bb2 cxd4 10. cxd4 Qa5+ 11. Qd2 Qxd2+ 12. Nxd2 Be6 13. Bc4 Bxc4 14.
Nxc4 Rd8 15. Rd1 O-O 16. Ke2 Rc8 17. Ne3 Rfd8 18. Rd2 e6 19. f4 Nb4 20. a3 Nd5
21. g3 b5 22. Rb1 Bf8 23. Rd3 Rc6 24. Nxd5 Rxd5 25. Ke3 Rc2 26. h3 Rd7 27. Rb3
a6 28. Rc1 Rdc7 29. Rxc2 Rxc2 30. Kf3 Be7 31. Ke3 Kf8 32. h4 Bd8 33. Bc3 Ke7
34. Kf3 h5 35. Ke3 Kd7 36. Bb4 Kc6 37. Kd3 Rc4 38. Ke4 Bb6 39. Bc3 Bd8 40. Bb4
a5 41. Bc3 a4 0-1

[Event "Aktiv-Alliancen 2000"]
[Site "Taastrup"]
[Date "2000.01.28"]
[Round "4"]
[White "Petersen, Steen Brustrup"]
[Black "Jorgensen, Brian"]
[Result "1-0"]
[WhiteElo "2174"]
[BlackElo "2198"]
[PlyCount "89"]
[EventDate "2000.??.??"]


1. e4 d5 2. exd5 Qxd5 3. Nc3 Qa5 4. d4 Nf6 5. Bc4 Bf5 6. Bd2 c6 7. Nd5 Qd8 8.
Nxf6+ exf6 9. Bf4 Be7 10. Ne2 O-O 11. Ng3 Re8 12. O-O Be6 13. Bd3 g6 14. c3 Nd7
15. h3 Nb6 16. Ne4 Nd5 17. Bh2 f5 18. Nc5 Bxc5 19. dxc5 f4 20. a3 Qf6 21. Qf3
Rad8 22. Rad1 g5 23. Rfe1 Ne7 24. h4 h6 25. Qe4 Bf5 26. Qe2 Kf8 27. hxg5 hxg5
28. Bxf5 Nxf5 29. Qg4 Rxd1 30. Qxd1 Rxe1+ 31. Qxe1 Qe7 32. Qd2 Kg7 33. b4 Qe4
34. g3 Qb1+ 35. Kg2 Qe4+ 36. Kg1 Kg6 37. f3 Qxf3 38. gxf4 g4 39. Qd8 Qe2 40.
Qg5+ Kh7 41. Qxf5+ Kg7 42. Qe5+ Qxe5 43. fxe5 Kg6 44. Kf2 Kg5 45. Bg3 1-0

[Event "Aktiv-Alliancen 2000"]
[Site "Taastrup"]
[Date "2000.01.28"]
[Round "4"]
[White "Nolsoe, Eydun"]
[Black "Pallesen, Jacob"]
[Result "1/2-1/2"]
[WhiteElo "2184"]
[BlackElo "2075"]
[PlyCount "142"]
[EventDate "2000.??.??"]


1. e4 c5 2. Nf3 e6 3. d4 cxd4 4. Nxd4 Nc6 5. Nc3 Qc7 6. Be2 a6 7. O-O Nf6 8.
Be3 Bb4 9. Nxc6 Qxc6 10. Bf3 Bxc3 11. bxc3 e5 12. Qd3 d6 13. Rfb1 Nd7 14. a4
Ke7 15. a5 Rd8 16. Rb4 Nc5 17. Qe2 Be6 18. Rb6 Qc7 19. Bxc5 dxc5 20. Rab1 Rab8
21. Bg4 Bxg4 22. Qxg4 Kf8 23. h4 Rd2 24. Qg5 Rd6 25. Qf5 g6 26. Qg5 Rxb6 27.
Rxb6 Qe7 28. Qh6+ Kg8 29. g3 Rd8 30. Qg5 Qxg5 31. hxg5 Rd1+ 32. Kg2 Ra1 33.
Rxb7 Rxa5 34. Rc7 Kg7 35. Kf1 Ra2 36. Rxc5 Rxc2 37. Rxe5 Rxc3 38. Ra5 Rc6 39.
Ke2 Kf8 40. f4 Ke7 41. Kd3 Rb6 42. g4 f6 43. gxf6+ Kxf6 44. g5+ Kg7 45. Kd4 h6
46. gxh6+ Kxh6 47. e5 Kg7 48. Kc5 Re6 49. Kd5 Kf7 50. Rc5 Rb6 51. Rc7+ Ke8 52.
e6 Rb5+ 53. Kd6 Rb6+ 54. Ke5 Rb5+ 55. Kd6 Rb6+ 56. Kd5 Rb5+ 57. Kc6 Rb4 58. Kd6
Rb6+ 59. Kd5 Rb5+ 60. Kc6 Rb4 61. Rf7 a5 62. Kc5 Re4 63. Kd5 Rb4 64. Ke5 Rb5+
65. Kf6 Rf5+ 66. Kg7 a4 67. Ra7 Rxf4 68. Kxg6 Rf1 69. Rxa4 Ke7 70. Ra6 Re1 71.
Ra7+ Kxe6 1/2-1/2

[Event "Aktiv-Alliancen 2000"]
[Site "Taastrup"]
[Date "2000.01.28"]
[Round "4"]
[White "Nielsen, Michael"]
[Black "Danielsen, Heini"]
[Result "0-1"]
[WhiteElo "1719"]
[BlackElo "2135"]
[PlyCount "54"]
[EventDate "2000.??.??"]


1. e4 c5 2. Nf3 Nc6 3. d4 cxd4 4. Nxd4 Nf6 5. Nc3 e5 6. Ndb5 d6 7. Bg5 a6 8.
Na3 b5 9. Bxf6 gxf6 10. Nd5 Bg7 11. c4 Rb8 12. cxb5 Nd4 13. b6 Be6 14. Nc7+ Ke7
15. Nc4 Rxb6 16. Nxe6 fxe6 17. Nxb6 Qxb6 18. b3 Qb4+ 19. Qd2 Nc2+ 20. Kd1 Qxd2+
21. Kxd2 Nxa1 22. Bc4 d5 23. Bd3 dxe4 24. Bxe4 f5 25. Bb7 e4 26. b4 Rd8+ 27.
Kc1 Rb8 0-1

[Event "Aktiv-Alliancen 2000"]
[Site "Taastrup"]
[Date "2000.01.28"]
[Round "4"]
[White "Hansen, Rasmus Agertoft"]
[Black "Nohr, Finn"]
[Result "0-1"]
[WhiteElo "1936"]
[BlackElo "2116"]
[PlyCount "74"]
[EventDate "2000.??.??"]


1. e4 e5 2. Nf3 Nc6 3. Bb5 a6 4. Ba4 Nf6 5. O-O Be7 6. Re1 b5 7. Bb3 d6 8. c3
O-O 9. h3 Nd7 10. d4 Bf6 11. d5 Na5 12. Bc2 Nb6 13. Nbd2 c6 14. b4 Nac4 15.
Nxc4 Nxc4 16. dxc6 Be6 17. a4 Qc7 18. Bg5 Qe7 19. Qc1 h6 20. Be3 Qc7 21. g4
Nxe3 22. Qxe3 Qxc6 23. Red1 Rac8 24. axb5 axb5 25. Ra3 Be7 26. Rda1 Ra8 27. Ra7
Rxa7 28. Rxa7 Bf6 29. Bd1 Rc8 30. Ra3 Bd8 31. Be2 Bb6 32. Qd2 Qxe4 33. Qd3 Qf4
34. Qd2 Qg3+ 35. Kh1 Bxf2 36. Bd1 e4 37. Ra2 e3 0-1

[Event "Aktiv-Alliancen 2000"]
[Site "Taastrup"]
[Date "2000.01.28"]
[Round "4"]
[White "Tolstrup, Thomas"]
[Black "Bjorntoft, Peter"]
[Result "0-1"]
[WhiteElo "1882"]
[BlackElo "2227"]
[PlyCount "54"]
[EventDate "2000.??.??"]


1. d4 f5 2. c4 Nf6 3. g3 g6 4. Bg2 Bg7 5. Nf3 O-O 6. O-O d6 7. Nc3 c6 8. d5
cxd5 9. cxd5 Na6 10. Nd4 Nc5 11. b4 Nce4 12. Nxe4 fxe4 13. Bb2 Qb6 14. Qb3 a5
15. bxa5 Qxa5 16. Nb5 Bd7 17. a4 Bxb5 18. axb5 Qd2 19. Rad1 Qxe2 20. Rfe1 Qg4
21. Bxf6 Bxf6 22. Rxe4 Ra3 23. Rxg4 Rxb3 24. Bf1 Ra8 25. Re4 Rb2 26. Bc4 Ra4
27. Re2 Rxc4 0-1

[Event "Aktiv-Alliancen 2000"]
[Site "Taastrup"]
[Date "2000.01.28"]
[Round "4"]
[White "Christensen, Bo Garner"]
[Black "Orio, Lars"]
[Result "1-0"]
[WhiteElo "2204"]
[BlackElo "1784"]
[PlyCount "107"]
[EventDate "2000.??.??"]


1. e4 c6 2. c4 d5 3. cxd5 cxd5 4. exd5 Nf6 5. Qa4+ Nbd7 6. Nc3 g6 7. Bc4 Bg7 8.
d3 O-O 9. Be3 Ng4 10. Nge2 Nxe3 11. fxe3 Nb6 12. Qb3 Nxc4 13. dxc4 e6 14. O-O
Qg5 15. Rf3 b6 16. Raf1 exd5 17. cxd5 Bg4 18. Rg3 Be5 19. Ne4 Qh4 20. Nf4 Bf5
21. Ng5 Bd6 22. Qc3 h6 23. Nge6 fxe6 24. Nxg6 Bxg3 25. Nxh4 Bxh4 26. Qd4 Bf6
27. Qf4 Bg5 28. Qe5 Bf6 29. Qg3+ Bg7 30. d6 Bd3 31. Rf3 Rxf3 32. gxf3 Rd8 33.
e4 e5 34. Qg6 Bb5 35. Qe6+ Kh7 36. f4 exf4 37. e5 Re8 38. Qf5+ Kh8 39. d7 Bxd7
40. Qxd7 Rxe5 41. Qxa7 Re2 42. Qxb6 Rxb2 43. Qd8+ Kh7 44. Qd3+ Kh8 45. a4 Ra2
46. a5 f3 47. a6 Bf8 48. Qd8 Rxa6 49. Qxf8+ Kh7 50. Qf7+ Kh8 51. Kf2 Ra8 52.
Qf6+ Kh7 53. Qf5+ Kh8 54. Qe5+ 1-0

[Event "Aktiv-Alliancen 2000"]
[Site "Taastrup"]
[Date "2000.01.28"]
[Round "4"]
[White "Nielsen, Borge Hjerrild"]
[Black "Dalso, Harry"]
[Result "1-0"]
[WhiteElo "2135"]
[BlackElo "1718"]
[PlyCount "75"]
[EventDate "2000.??.??"]


1. d4 Nf6 2. c4 g6 3. Nf3 Bg7 4. g3 O-O 5. Bg2 d6 6. O-O Nbd7 7. Qc2 e5 8. Rd1
Re8 9. e4 c6 10. Nc3 Qc7 11. b3 exd4 12. Nxd4 a5 13. f3 Nc5 14. Be3 Nfd7 15.
Bf2 Ne5 16. Rab1 Bd7 17. h3 Bc8 18. f4 Ned7 19. Re1 Na6 20. Rbd1 Nf6 21. Qd2
Rd8 22. Nf3 Ne8 23. Na4 c5 24. Nc3 Bxc3 25. Qxc3 Nb4 26. a3 Nc6 27. g4 f6 28.
Bh4 Qf7 29. e5 dxe5 30. Rxd8 Nxd8 31. fxe5 g5 32. Bg3 Ne6 33. exf6 Qxf6 34. Be5
Qg6 35. Nd2 Nf4 36. Bxf4 gxf4 37. Qe5 Nf6 38. Qxf4 1-0

[Event "Aktiv-Alliancen 2000"]
[Site "Taastrup"]
[Date "2000.01.28"]
[Round "4"]
[White "Nielsen, Jan Mose"]
[Black "Jensen, Dan Bronnum"]
[Result "1-0"]
[WhiteElo "2040"]
[BlackElo "1487"]
[PlyCount "149"]
[EventDate "2000.??.??"]


1. d4 d5 2. Bf4 Nf6 3. Qd3 c6 4. Nd2 g6 5. f3 Nbd7 6. e4 Nb6 7. g4 dxe4 8. Nxe4
Nfd5 9. Bd2 Bg7 10. O-O-O f5 11. gxf5 Bxf5 12. Bh3 Qc8 13. Bxf5 Qxf5 14. Ne2
O-O-O 15. a4 Nc7 16. a5 Nbd5 17. Qb3 Na6 18. N2g3 Qf8 19. c4 Ndc7 20. Be3 Bh6
21. Rhe1 Bxe3+ 22. Qxe3 Kb8 23. Ng5 h6 24. Ne6 Nxe6 25. Qxe6 Qxf3 26. Qxg6 Qf4+
27. Kb1 Rxd4 28. Rxd4 Qxd4 29. Qe4 Qxe4+ 30. Rxe4 Rh7 31. Nf5 Nc5 32. Re3 e6
33. Nd4 Re7 34. Kc2 e5 35. b4 Nd7 36. a6 Kc7 37. axb7 Kxb7 38. c5 Rg7 39. Ne2
Rg2 40. h3 Rh2 41. Kc3 Kc7 42. Kc4 Kd8 43. b5 Kc7 44. Nc3 Rc2 45. Kb4 Rb2+ 46.
Ka3 Rh2 47. bxc6 Kxc6 48. Ne4 Rh1 49. Rd3 Ra1+ 50. Kb2 Ra5 51. Rd6+ Kc7 52.
Rxh6 Nxc5 53. Nd2 Rb5+ 54. Kc2 a5 55. h4 a4 56. Rh7+ Kc6 57. Ra7 Rb7 58. Ra8
Rh7 59. Rc8+ Kd5 60. Rd8+ Kc6 61. Rc8+ Kb6 62. Nc4+ Kb5 63. Nxe5 Ne6 64. Rb8+
Kc5 65. Nd3+ Kd6 66. Rb4 Kd5 67. Rxa4 Nd4+ 68. Kc3 Rxh4 69. Ra8 Nb5+ 70. Kd2
Rh2+ 71. Ke1 Rh1+ 72. Kf2 Rh2+ 73. Kg3 Re2 74. Nf4+ Ke4 75. Re8+ 1-0

[Event "Aktiv-Alliancen 2000"]
[Site "Taastrup"]
[Date "2000.01.28"]
[Round "4"]
[White "Schmidt, Horst Hubert"]
[Black "Auchenberg, Per"]
[Result "1-0"]
[WhiteElo "1718"]
[BlackElo "2017"]
[PlyCount "129"]
[EventDate "2000.??.??"]


1. d4 c5 2. c3 Nf6 3. e3 e6 4. Nf3 b6 5. Bd3 Bb7 6. Nbd2 Be7 7. O-O O-O 8. e4
d6 9. Qe2 cxd4 10. Nxd4 Nbd7 11. f3 a6 12. Re1 Qc7 13. Nf1 Rfe8 14. Bg5 h6 15.
Bh4 Ne5 16. Bc2 Ng6 17. Bg3 Nh5 18. Bf2 Rad8 19. Be3 Nf6 20. Qf2 Nd7 21. f4 Bf8
22. h4 b5 23. h5 Ne7 24. Ng3 Rc8 25. f5 e5 26. Nb3 Nf6 27. Bb6 Qb8 28. Rad1 Nc6
29. Nf1 Nxh5 30. Be3 Ba8 31. Nh2 Nf6 32. Qh4 Be7 33. Ng4 Nxg4 34. Qxg4 Kh7 35.
Qh5 Nd8 36. Rf1 Bf8 37. Rf3 Qb7 38. Rh3 Qd7 39. g4 f6 40. Qg6+ Kh8 41. Bxh6
gxh6 42. Qxf6+ Kg8 43. g5 Qf7 44. Qxf7+ Nxf7 45. gxh6 Kh7 46. Nd2 Bxh6 47. Kf2
Rh8 48. Nf3 Kg7 49. Rg1+ Kf8 50. Nh4 Rh7 51. Ng6+ Ke8 52. Ke2 d5 53. Bb3 dxe4
54. Bxf7+ Kxf7 55. Nxe5+ Kf6 56. Ng4+ Kxf5 57. Nxh6+ Ke6 58. Rg6+ Kd7 59. Rhg3
Rch8 60. Ng4 Bc6 61. Ne5+ Ke8 62. Rxc6 Rh2+ 63. Ke3 Rxb2 64. Kxe4 Rxa2 65. Rg7
1-0

[Event "Aktiv-Alliancen 2000"]
[Site "Taastrup"]
[Date "2000.01.28"]
[Round "4"]
[White "Simonsen, Per Barndorff"]
[Black "Holst, Thorsten"]
[Result "1-0"]
[WhiteElo "1901"]
[BlackElo "1411"]
[PlyCount "31"]
[EventDate "2000.??.??"]


1. d4 Nf6 2. c4 g6 3. Nc3 d5 4. cxd5 Nxd5 5. e4 Nxc3 6. bxc3 Bg7 7. Ba3 Nd7 8.
e5 O-O 9. f4 c5 10. Qd2 Qa5 11. Bb2 cxd4 12. Nf3 Nc5 13. cxd4 Qxd2+ 14. Nxd2
Na4 15. Ba3 Re8 16. Bb5 1-0